Taufe und Eucharistie - Statistiken

Allgemein
  • Dieses Quiz wurde 94 mal gespielt
  • Das Durchschnittsergebnis liegt bei 7 aus 12
Antwortstatistiken
Frage Antwort % Korrekt
Welches ist das erste Sakrament? die Taufe
100%
Vervollständige: "Ich taufe dich im Namen des Vaters und des Sohnes und ... des Heiligen Geistes."
79%
Wer soll den Eltern dabei helfen, dem Kind alles über den katholischen Glauben beizubringen? der Taufpate
77%
Wie oft wird dem Täufling Wasser über den Kopf gegossen? drei Mal
74%
An welchem Tag saß Jesus mit den Aposteln zum Letzten Abendmahl zusammen? Gründonnerstag
70%
Wie wird im Text das kleine Stück Brot mit einem Fremdwort genannt? Hostie
62%
Wie heißt die Feier, bei der Kinder erstmals die Eucharistie empfangen? Erstkommunion
60%
Was sagte Jesus, als er den Aposteln vom Wein gab? (laut Text!) Das ist mein Blut.
45%
Was sagte Jesus, als er den Aposteln das Brot gab? (laut Text!) Das ist mein Leib.
45%
Was bedeutet "Eucharistie" auf Deutsch? Danksagung
40%
An welchem Fest feiern Katholiken besonders die Eucharistie? Fronleichnam
40%
Von wem kann im Notfall die Taufe gespendet werden? von jedem anderen Menschen
28%
Keine übereinstimmenden Quizze gefunden
Verteilung der Resultate
Anzahl Personen mit jedem Resultat
Perzentil nach korrekt beantworteten Fragen
Ihre Resultats-Entwicklung
Sie haben dieses Quiz noch nicht gespielt